000 00755nam a22002177a 4500
001 6109
003 OSt
005 20170921101517.0
007 tu
008 161220s2002 fi ||||| |||||||||||eng d
024 7 _a6109
_2RID
024 7 _a6109
_2RSN (alt)
040 _cOSt
100 1 _aHabib, Maurizio Michael
245 1 0 _aFinancial contagion, interest rates and the role of the exchange rate as shock absorber in Central and Eastern Europe
260 _aHelsinki :
_bInstitute for Economies in Transition, Bank of Finland (BOFIT),
_c2002.
490 1 _aBOFIT Discussion Papers
_v7/2002
830 0 _tBOFIT Discussion Papers
_v7/2002
_w7888
942 _cP
999 _c5757
_d5757